Passiflora foetida yielding and nutritional composition (Registro n. 339188)
[ somente texto ]
| 000 -LÍDER | |
|---|---|
| fixed length control field | 03448nab a2200373 i 4500 |
| 003 - CÓDIGO MARC DA AGÊNCIA CATALOGADORA | |
| Campo de controle | BR-BrBNA |
| 005 - DATA E HORA DA ÚLTIMA ATUALIZAÇÃO | |
| Campo de controle | 20251124152130.0 |
| 008 - CAMPO DE TAMANHO FIXO | |
| fixed length control field | 251124b2019 bl.|r|pooa||| 00| 0 eng | |
| 040 ## - FONTE DA CATALOGAÇÃO | |
| Agência catalogadora | BR-BrBNA |
| Idioma da catalogação | eng |
| 072 ## - CATEGORIA AGRIS | |
| Código AGRIS | F01 |
| Código do objeto | 1123 |
| 072 ## - CATEGORIA AGRIS | |
| Código AGRIS | Q04 |
| 100 ## - ENTRADA PRINCIPAL - NOME PESSOAL | |
| Nome pessoal | Silva Filho, Danilo Fernandes da |
| 100 ## - ENTRADA PRINCIPAL - NOME PESSOAL | |
| Nome pessoal | Batista, Manoel Ronaldo Aguiar |
| 100 ## - ENTRADA PRINCIPAL - NOME PESSOAL | |
| Nome pessoal | Aguiar, Jaime Paiva Lopes |
| 100 ## - ENTRADA PRINCIPAL - NOME PESSOAL | |
| Nome pessoal | Machado, Francisco Manoares |
| 100 ## - ENTRADA PRINCIPAL - NOME PESSOAL | |
| Nome pessoal | Figueiredo, José Nilton Rodrigues |
| 100 ## - ENTRADA PRINCIPAL - NOME PESSOAL | |
| Nome pessoal | Ticona-Benavente, César Augusto |
| 245 ## - TÍTULO PRINCIPAL | |
| Título principal | Passiflora foetida yielding and nutritional composition |
| 500 ## - NOTA GERAL | |
| Nota geral | <br/><br/>Publicação online; 3 tables; Summaries (En, Pt) |
| 942 ## - ADDED ENTRY ELEMENTS (KOHA) | |
| Koha item type | Analítica |
| 520 ## - NOTA DE RESUMO | |
| Nota de conteúdo | <br/><br/><br/>Abstract - Even though wild maracuja (Passiflora foetida) is cultivated in tropical areas, no thorough investigation regarding its yield or nutritional composition is easily available. This paper aims to estimate its fruit yield, using four staking systems; as well as determine both its fruit pulp and peel chemical composition. The treatments used were T1= No staking, T2= A vertical rod, T3= A horizontal rod, 60 cm from the ground, T4= Two horizontal poles, 60 and 120 cm from the ground, and T5= Using horizontal trellises, 80 cm above ground. The findings showed T5, T4, T3, T2 and T1 to yield 1.40, 1.05, 0.66, 0.40 and 0.35 tons of fruits per hectare, respectively. In general, the fruit pulp held higher nutrient content than that of fruit peel. The pulp presented 2.6%, 4.5% and 24.3% protein, lipids and carbohydrates, respectively. We conclude this genotype to bear low yielding potential, which may be lightly enhanced when cultivated using horizontal trellises.<br/><br/><br/><br/>Index terms: Physicochemical composition, horizontal trellises, Amazonian fruit. |
| 520 ## - NOTA DE RESUMO | |
| Nota de conteúdo | <br/><br/><br/>Resumo - Apesar de que o maracujaí (Passiflora foetida) é cultivado nos trópicos, há falta de trabalhos relacionados à sua produtividade e composição nutricional. O objetivo deste trabalho foi estimar a produtividade desta espécie utilizando quatro sistemas de tutoramento, assim como determinar a composição química da polpa e da pele, separadamente. Os tratamentos utilizados foram: T1= sem tutoramento; T2= uma vara vertical; T3= uma vara horizontal a 60 cm do solo; T4= duas varas horizontais a 60 e 120 cm do solo, e T5= usando uma latada a 80 cm do solo. Resultados mostraram que T5; T4; T3;T2 e T1 produziram 1,4; 1,05; 0,66; 0,40 e 0,35 t de frutos por hectare, respectivamente. Em geral, a polpa da fruta teve teores mais elevados de nutrientes que a pele. A polpa apresentou 2.6%, 4.5% e 24.3% de proteínas, lipídeos e carboidratos, respectivamente. Portanto, este genótipo tem baixo potencial produtivo, mas pode ser melhorado levemente utilizando uma latada.<br/><br/><br/><br/>Termos para indexação: Composição físico-química, latada, fruto amazônico |
| 650 ## - ASSUNTO - THESAGRO | |
| Cabeçalho tópico ou nome geográfico | MARACUJÁ |
| 650 ## - ASSUNTO - THESAGRO | |
| Cabeçalho tópico ou nome geográfico | FRUTA TROPICAL |
| 650 ## - ASSUNTO - THESAGRO | |
| Cabeçalho tópico ou nome geográfico | PRÁTICA CULTURAL |
| 650 ## - ASSUNTO - THESAGRO | |
| Cabeçalho tópico ou nome geográfico | TUTORAMENTO |
| 650 ## - ASSUNTO - THESAGRO | |
| Cabeçalho tópico ou nome geográfico | PRODUTIVIDADE |
| 650 ## - ASSUNTO - THESAGRO | |
| Cabeçalho tópico ou nome geográfico | POLPA |
| 650 ## - ASSUNTO - THESAGRO | |
| Cabeçalho tópico ou nome geográfico | COMPOSIÇÃO QUÍMICA |
| 650 ## - ASSUNTO - THESAGRO | |
| Cabeçalho tópico ou nome geográfico | VALOR NUTRITIVO |
| 773 0# - ENTRADA ANALÍTICA | |
| Host Biblionumber | 805 |
| Registro do item | 317040 |
| Imprenta | Jaboticabal-SP Sociedade Brasileira de Fruticultura 1978 |
| Outro identificador | 2024-3602 |
| Título | Revista Brasileira de Fruticultura (Brazil) |
| ISSN | 0100-2945 |
| Colação | v. 41(3) p. 1-6; (2019) |
| Número de controle de registro | BR2025005112 |
| 856 ## - ACESSO E ENDEREÇO ELETRÔNICO | |
| Identificador uniforme de recurso - URI | https://www.scielo.br/j/rbf/a/zzKhRGqdwVcmkHqrjcsxVyz/?format=pdf&lang=en |
Nenhum exemplar disponível.

BINAGRI